[Event "Klubbmesterskapet 2022 (A)"]
[Site "Ås, Viken NOR"]
[Date "2022.09.15"]
[Round "2"]
[White "Brenden, Torbjørn"]
[Black "Andersen, Odd"]
[Result "1-0"]
[WhiteElo "1593"]
[BlackElo "1680"]
[Annotator "Furnes, Torstein"]
[PlyCount "89"]
[EventDate "2022.09.08"]

1. d4 e6 2. Bf4 d5 3. e3 c5 4. c3 Nf6 5. Nf3 Nh5 6. Bxb8 Rxb8 7. Ne5 Nf6 8.
Bb5+ Nd7 9. O-O a6 10. Nxd7 Bxd7 11. Bxd7+ Qxd7 12. b3 cxd4 13. cxd4 Qc7 14.
Nd2 Ba3 15. Nf3 Rc8 16. b4 Bxb4 17. Qa4+ Kf8 18. Qxb4+ Kg8 19. Rab1 Rb8 20.
Rfc1 Qd8 21. Ne5 a5 22. Qb5 Qd6 23. Qd7 Qxd7 24. Nxd7 Rd8 25. Rxb7 g6 26. Rcc7
Kg7 27. Ne5 Rc8 28. Rxf7+ Kh6 29. h3 ({Det var matt i 7 trekk med} 29. h4 Rc1+
30. Kh2 Rc2 31. Ng4+ Kh5 32. Rxh7+ $1 Rxh7 33. Rxh7+ Kxg4 34. f3+ Kf5 35. Rf7#)
29... Rc1+ 30. Kh2 Rc2 31. Ng4+ Kh5 32. Rxh7+ Rxh7 33. Rxh7+ Kg5 34. Kg3 Rxa2
35. f3 e5 36. dxe5 Kf5 37. Rf7+ Ke6 38. Rf6+ Kd7 39. Rd6+ Ke7 40. Rxd5 g5 41.
Rd6 a4 42. Ra6 a3 43. Nf6 g4 44. hxg4 Kf7 45. Ne4 1-0

[Event "Klubbmesterskapet 2022 (A)"]
[Site "Ås, Viken NOR"]
[Date "2022.09.15"]
[Round "2"]
[White "Lea, Per"]
[Black "Samset, Jon"]
[Result "1-0"]
[WhiteElo "1698"]
[BlackElo "1378"]
[Annotator "Lea,Per"]
[PlyCount "57"]
[EventDate "2022.09.08"]

1. c4 b6 2. d4 g6 3. Nc3 d6 4. g3 Bb7 5. e4 Nf6 6. Bg2 Bg7 7. Nge2 O-O 8. O-O
e5 9. d5 Nbd7 10. b4 a6 11. Bb2 Nh5 12. Nc1 f5 $2 {Mister en bonde uten noen
form for kompensasjon} 13. exf5 Qg5 (13... gxf5 14. Qxh5) (13... Rxf5 14. g4)
14. Ne4 Qh6 15. fxg6 Qxg6 16. Nd3 Nhf6 17. Nxf6+ Nxf6 18. f4 Ng4 19. fxe5 $4 {
Jeg var helt sikker på at dette var ufarlig, men hadde nok ikke sett langt nok.
Vinststillingen har fordunstet helt, og objektivt sett er stillingen i balanse.
} (19. Qe2 {gir en klart bedre stilling for hvit, selv om den materielle
ledelsen er bare en bonde}) 19... Ne3 20. Rxf8+ ({Også her var} 20. Qe2 {det
beste trekket, selv om den hvite stillingen da bare ville vært mininalt bedre}
Nxf1 21. Nf4 Qg5 22. Rxf1 Bxe5 23. Ne6 Rxf1+ {Morsomt: Nå er det svart som
lurer seg unna en springergaffel ved hjelp av en tårnsjakk!} 24. Bxf1 Qf5)
20... Rxf8 21. Qe2 Nxg2 22. Kxg2 dxe5 $2 {Nå er hvit tilbake i førersetet} (
22... b5 $1 {skal være remis, men ingen av oss var i nærheten av å
se det.}) 23. Nxe5 Bxe5 $4 ({Etter} 23... Re8 24. Re1 Bxe5 25. Bxe5 {kan svart
fortsatt kjempe videre}) 24. Qxe5 Qc2+ 25. Kh1 {Dronning på 2.-raden og tårn i
åpen linje er en farlig kombinasjon. Selv om det kan se ut som en fordel å
komme seg ut av svarts løperdiagonal, ville det bare gitt remis.} (25. Kg1 $4
Qf2+ 26. Kh1 Qf3+ 27. Kg1 Qf2+ {er remis ved trekkgjentakelse}) 25... Qg6 ({
Når Stockfish forteller at} 25... Qxb2 {er svarts beste trekk i stillingen, er
det grunn til bekymring ...}) 26. Qh8+ Kf7 27. Rf1+ Ke8 28. Qxf8+ (28. Rxf8+
Ke7 29. Bf6+ Qxf6 30. Qxf6+ Kd7 31. Rd8# {var en litt raskere matt, men jeg
ville sikre meg mot muligheten for dronningsjakk på b1 og c2, og hvis kongen
går til h3 for å unngå evig sjakk, kommer det en løpersjakk på c8.}) 28... Kd7
29. Rf7+ {Selv etter å gi dronning for tårn blir svart matt i 3 trekk} 1-0

[Event "Klubbmesterskapet 2022 (A)"]
[Site "Ås, Viken NOR"]
[Date "2022.09.15"]
[Round "2"]
[White "Furnes, Torstein"]
[Black "Kielland-Lund, Jon"]
[Result "1-0"]
[WhiteElo "1747"]
[BlackElo "1715"]
[Annotator "Furnes, Torstein"]
[PlyCount "55"]
[EventDate "2022.09.08"]

1. d4 d5 2. c4 c6 3. cxd5 cxd5 4. Bf4 Nc6 5. Nc3 e5 {En interessant variant
som svart scorer bra med (58%) hos ChessBase Onlinedatabase.} 6. dxe5 d4 7. Ne4
Qa5+ 8. Nd2 Nxe5 ({Hos ChessBase fortsetter de fleste partiene med} 8... Nge7
9. Ngf3 Nd5) 9. Ngf3 Nc6 $146 {Dette er første trekk som ikke er tidligere
spilt i ChessBase Onlinedatabase.} 10. e3 dxe3 11. Bxe3 Bg4 12. Be2 O-O-O $18 {
Stockfish liker ikke dette trekket så godt.} 13. O-O Bxf3 {Hvitfordelen er nå
oppe i +3.7.} ({Stockfish vil heller spille} 13... Nf6) 14. Bxf3 Bb4 15. Bxc6 (
{Stockfish sier at jeg også kunne spilt} 15. Qc2 $1 Bxd2 16. b4 $1 {fulgt av
Lxd2 dersom dronningen flytter til et av feltene b5/c7/a6/a3/e5. Det er farlig
for svart å slå b4-bonden:} Bxb4 (16... Qxb4 17. Bxc6 Ne7 18. Bxb7+ Kxb7 19.
Rab1) 17. Bxc6 bxc6 18. Qxc6+ Qc7 19. Qa4 Ne7 20. Rfc1 Bc3 21. Bf4 $18) 15...
bxc6 16. Qg4+ f5 17. Qxg7 Ne7 18. Nf3 Qd5 19. Qe5 {Ikke det beste trekket. Men
med bonde over ønsker jeg å bytte dronninger.} (19. Bg5 {er førstevalget til
Stockfish, som videre foreslår} h6 20. Bxe7 Rhg8 21. Qxh6 Bxe7 22. g3 Rh8 (
22... Qxf3 23. Qe6+ Kb8 24. Qxe7) 23. Qe3) 19... Qd7 20. Bf4 Bd6 21. Qxd6 Qxd6
22. Bxd6 Rxd6 23. Rfe1 Kd8 24. Rad1 Rxd1 25. Rxd1+ Kc7 26. Ne5 Re8 27. Rd7+ Kb8
28. Rxe7 $1 ({Hvit vinner offiser etter} 28. Rxe7 $1 Rxe7 29. Nxc6+ Kc7 30.
Nxe7) 1-0

[Event "Klubbmesterskapet 2022 (A)"]
[Site "Ås, Viken NOR"]
[Date "2022.09.15"]
[Round "2"]
[White "Olsen, Trygve"]
[Black "Larsen, Jo Ingebrigt"]
[Result "0-1"]
[WhiteElo "1504"]
[BlackElo "1601"]
[PlyCount "50"]
[EventDate "2022.09.08"]

1. e4 d6 2. Nc3 Nf6 3. Nf3 e5 4. Bc4 h6 5. a4 c6 6. d4 Nbd7 7. d5 Be7 8. Nh4
Nxd5 9. Nf5 Nxc3 10. Bxf7+ Kxf7 11. bxc3 Nf6 12. Nxe7 Qxe7 13. f3 Be6 14. O-O
g5 15. Ba3 c5 16. Qe2 Qc7 17. h3 Nh5 18. Kh2 Nf4 19. Qd1 Bxh3 20. Rg1 Be6 21.
g3 Ng6 22. f4 gxf4 23. Rf1 Qe7 24. Rf2 Qg5 25. Qg1 Qh5+ 0-1

[Event "Klubbmesterskapet 2022 (A)"]
[Site "Ås, Viken NOR"]
[Date "2022.09.15"]
[Round "2"]
[White "Johansen, Anders Sten"]
[Black "Thowsen, Alf Geir"]
[Result "1-0"]
[WhiteElo "1726"]
[BlackElo "1372"]
[PlyCount "91"]
[EventDate "2022.09.08"]

1. e4 e6 2. d4 d5 3. Nc3 Bb4 4. e5 c5 5. a3 cxd4 6. axb4 dxc3 7. bxc3 Qc7 8. f4
f6 9. Nf3 fxe5 10. Nxe5 Nf6 11. Bd3 Nbd7 12. Nxd7 Bxd7 13. Bd2 O-O 14. O-O a6
15. Qe2 Rae8 16. Rfe1 Bc6 17. c4 Qf7 18. b5 dxc4 19. bxc6 cxd3 20. cxd3 Nd5 21.
cxb7 Qxb7 22. g3 Qb6+ 23. Kh1 Rf7 24. Be3 Qc6 25. Kg1 Qa8 26. Bd4 Rfe7 27. Be5
Qa7+ 28. d4 Ra8 29. Qg4 Qd7 30. h4 Rf7 31. h5 Nf6 32. Qe2 a5 33. g4 h6 34. g5
hxg5 35. fxg5 Nd5 36. g6 Re7 37. Qg4 Nf6 38. Qg5 Qd8 39. h6 Rd7 40. hxg7 Ne8
41. Qh6 Nxg7 42. Qh7+ Kf8 43. Qh8+ Ke7 44. Qxg7+ Ke8 45. Qh8+ Ke7 46. Bf6+ 1-0

[Event "Klubbmesterskapet 2022 (A)"]
[Site "Ås, Viken NOR"]
[Date "2022.09.22"]
[Round "3"]
[White "Thowsen, Alf Geir"]
[Black "Brenden, Torbjørn"]
[Result "1/2-1/2"]
[WhiteElo "1372"]
[BlackElo "1593"]
[Annotator "Lea, Per"]
[PlyCount "108"]
[EventDate "2022.09.08"]

1. d4 Nf6 2. c4 b6 3. Nc3 Bb7 4. Nf3 g6 5. g3 Bg7 6. Bg2 O-O 7. O-O d6 8. d5 e5
9. e4 Nbd7 10. Re1 h6 11. Bd2 a5 12. a4 Nc5 13. Qc2 Re8 14. Be3 Nfd7 15. Nd2
Ba6 16. Rab1 Rb8 17. b4 axb4 18. Rxb4 Qe7 19. Reb1 Qf8 20. Nb3 Nxb3 21. Qxb3 f5
22. Qc2 f4 23. Bd2 g5 24. Qd1 Nc5 25. Bc1 Ra8 26. Nb5 Qe7 27. Qf3 Bc8 28. g4
Qd7 29. Ra1 Na6 30. Rbb1 Qxg4 31. Qxg4 Bxg4 32. f3 Bd7 33. Bd2 Bxb5 34. cxb5
Nc5 35. a5 bxa5 36. Bxa5 Rec8 37. Bh3 Re8 38. Bxc7 Bf8 39. Ba5 (39. Bg4 $18)
39... Rab8 40. b6 Rb7 41. Bc3 Reb8 42. Ba5 Be7 43. Ra3 Bd8 44. Be6+ Kg7 45. Kg2
Kf6 46. Kh3 h5 47. Bf5 Bxb6 48. Rxb6 Rxb6 49. Bxb6 Rxb6 50. Ra8 Rb3 51. Kg2
Rb2+ 52. Kh3 Rb3 53. Kg2 Rb2+ (53... g4 54. fxg4 hxg4 55. Bxg4 Nxe4) 54. Kh3
Rb3 1/2-1/2

[Event "Klubbmesterskapet 2022 (A)"]
[Site "Ås, Viken NOR"]
[Date "2022.09.22"]
[Round "3"]
[White "Kielland-Lund, Jon"]
[Black "Olsen, Trygve"]
[Result "1-0"]
[WhiteElo "1715"]
[BlackElo "1504"]
[Annotator "Tactical Analysis 4.3 (5s)"]
[PlyCount "125"]
[EventDate "2022.09.08"]

{[%evp 9,125,43,66,0,53,57,133,138,199,165,227,199,215,196,301,262,256,101,436,
293,419,0,26,8,37,0,0,-54,-32,-123,-112,-402,-398,-423,-409,-417,-391,-411,0,0,
1,0,28,11,112,-523,-505,-722,-75,-78,767,-847,-848,-865,-825,-841,-828,-765,
-663,-666,-658,-702,-696,-691,-681,-670,-631,-653,-649,-648,-633,-742,-726,
-688,-660,-745,0,0,0,0,379,-430,-311,-989,-18,-18,-10,-18,0,0,0,-1030,0,0,0,0,
0,0,0,0,0,0,0,0,0,0,0,0,29977,29978,29978,29979,29978,29980,29980,29981,29985,
29986]} 1. c4 c5 2. Nf3 {[%cal Bg1f3,Bf3d4,Bd4b5,Bb5c3,Bc3d5] [%mdl 32]} Nc6 3.
d4 cxd4 4. Nxd4 e5 5. Nb5 d6 6. g3 {[%eval 0,33] [%wdl 25,951,24]} (6. N5c3 $14
{[%eval 66,32] [%wdl 156,840,4]}) 6... a6 {[%eval 53,28] [%wdl 108,887,5]} (
6... Be6 $11 {[%eval 0,33] [%wdl 25,951,24]}) 7. N5c3 $14 Nge7 {[%eval 133,28]
[%wdl 561,439,0]} (7... Be6 $14 {[%eval 57,30] [%wdl 118,878,4]}) 8. Bg2 $16 {
White is clearly better.} h6 {[%eval 199,26] [%wdl 904,96,0]} (8... Be6 $16 {
[%eval 138,32] [%wdl 602,398,0]}) 9. b3 Nf5 {[%eval 227,27] [%wdl 959,41,0]} (
9... f5 $142 {[%eval 165,24] [%wdl 772,228,0]} 10. Bb2 g6) 10. Ba3 g6 11. O-O {
And now Nd2 would win.} h5 {[%eval 301,26] [%wdl 996,4,0]} (11... Bg7 $142 {
[%eval 196,29] [%wdl 899,101,0]} 12. Ne4 O-O) 12. Nd5 h4 13. g4 {[%eval 101,30]
[%wdl 306,693,1]} (13. Nbc3 $18 {[%eval 256,24] [%wdl 984,16,0] has better
winning chances.}) 13... Nfd4 $2 {[%eval 436,24] [%wdl 1000,0,0][%mdl 8192]} (
13... h3 $16 {[%eval 101,30] [%wdl 306,693,1]} 14. Bh1 Nh6) 14. e3 Ne6 {[%eval
419,25] [%wdl 1000,0,0]} (14... h3 {[%eval 293,25] [%wdl 995,5,0] was worth a
try.} 15. Bf3 Nxf3+ 16. Qxf3 Bg7) 15. Qf3 $2 {[%eval 26,33] [%wdl 35, 959,6]} (
15. h3 $18 {[%eval 419,25] [%wdl 1000,0,0]} f5 16. Nbc3) 15... Bg7 $11 {[%cal
Oh4h3] White must now prevent ...h3!} 16. Nbc3 {Threatens to win with Ne4.} Ng5
17. Qe2 (17. Qd1 $5 {[%cal Rf2f4]}) 17... h3 18. Bh1 {[%eval -54,32] [%wdl 2,
920,78]} (18. Be4 $11 {[%eval 0,34] [%wdl 14,972,14]}) 18... Rh4 $15 19. f3 {
[%eval -123,28] [%wdl 0,552,448]} (19. f4 $1 $15 {[%eval -32,33] [%wdl 5,957,
38]} Bxg4 20. Qe1 exf4 21. Rxf4 (21. Qxh4 $2 Nf3+ 22. Rxf3 Qxh4 $19)) 19... e4
$1 $17 20. Rf2 {[%eval -402,25] [%wdl 0,0,1000][%mdl 8192]} (20. Qe1 $17 {
[%eval -112,32] [%wdl 0,635,365] was called for.}) 20... exf3 $19 21. Bxf3 Ne5
{[%csl Bf3,Bg4]} 22. Bh1 Bxg4 23. Qc2 Bf3 $2 {[%eval 0,39] [%wdl 11,978, 11]} (
23... Rc8 $19 {[%eval -411,24] [%wdl 0,0,1000]} 24. Raf1 Bh5) 24. Bxf3 $11
Ngxf3+ 25. Kh1 {Strongly threatening Raf1.} Rg4 {aiming for ...Qg5.} 26. Raf1 {
[%mdl 1024] White has compensation.} Qg5 {[%eval 112,38] [%wdl 340,660,0]} (
26... Ng5 $11 {[%eval 11,34] [%wdl 15,978,7]}) 27. Ne2 $2 {[%eval -523,27] 
[%wdl 0,0,1000][%mdl 8192]} (27. Rxf3 $6 Nxf3 28. Qd1 Rxc4 $1 29. Qxf3 Qg2+ 30.
Qxg2 hxg2+ 31. Kxg2 Rxc3 32. Nxc3 Bxc3 $15) (27. Nc7+ $6 Kd7 28. Qd1 (28. Rxf3
$2 Nxf3 29. Qf2 Rd8 $19) 28... Rd8 29. Bxd6 (29. Rxf3 $2 Nxf3 30. Qxf3 Kxc7 $19
) 29... Kc8 $11) (27. Qd1 $16 {[%eval 112,38] [%wdl 340,660,0] is forced if
you want to stay better.} O-O-O 28. Rxf3 Nxf3 29. Qxf3 Bxc3 30. Nxc3 (30. Qxf7
Rxc4 31. Rg1 Qe5 $11)) 27... Rg2 $1 $19 28. Nc7+ Kf8 $2 {[%eval -75,29] [%wdl
1,878,121]} (28... Kd7 $19 {[%eval -722,32][%cal Oe5g4] [%wdl 0,0,1000] is
more deadly. ( -> ...Ng4!)} 29. Qd1 Kxc7 30. Bxd6+ Kb6) 29. Ng3 $17 (29. Nxa8
$2 {perishes.} Ng4 30. Bxd6+ (30. Rxf3 {gets mated.} Rxh2+ 31. Kg1 Nf2+ 32. Rg3
Rg2+ 33. Rxg2 Qxg2#) 30... Kg8 31. Rxf3 Nxe3 $19) (29. Bxd6+ $2 Kg8 30. Qe4 (
30. Nxa8 $2 Ng4 $19) 30... Rd8 $19) 29... Nxh2 $2 {[%eval 767,26] [%wdl 1000,0,
0][%mdl 8192]} 30. Bxd6+ $4 {[%eval -847,26] [%wdl 0,0,1000][%mdl 8192]} (30.
Ne6+ $18 {[%eval 767,26] [%wdl 1000,0,0]} Kg8 31. Nxg5 Nxf1 32. Rxg2 hxg2+ 33.
Qxg2 Nxg3+ 34. Qxg3) 30... Kg8 $19 31. Rxg2 Nxf1 32. Nxf1 hxg2+ 33. Qxg2 Qxg2+
34. Kxg2 Rd8 35. Bxe5 Bxe5 {[%mdl 4096] Endgame KRB-KNN} 36. Nd5 b5 37. Nd2 Kg7
38. Kf3 Rh8 39. Ke4 f6 40. c5 Rh4+ 41. Kd3 g5 42. Nf3 Rh3 $2 {[%eval 0,42] 
[%wdl 9,983,8]} (42... Rh8 $19 {[%eval -745,27] [%wdl 0,0,1000]} 43. Nxe5 fxe5)
43. Nxe5 $11 fxe5 {KR-KN} 44. c6 Rh8 $2 {[%eval 379,32] [%wdl 1000,0,0][%mdl
8192]} (44... Rh1 $11 {[%eval 0,42] [%wdl 9,983,8] and Black has nothing to
worry.} 45. Kd2 Rh6) 45. c7 $4 {[%eval -430,26] [%wdl 0,0,1000][%mdl 8192] [#]}
(45. Nb6 $1 $18 {[%eval 379,32] [%wdl 1000,0,0] is the narrow road to win.})
45... Rc8 $19 46. e4 $2 {[%eval -989,22] [%wdl 0,0,1000]} (46. Ke4 {[%eval
-311,25] [%wdl 0,3,997]} g4 47. Kxe5) 46... Kf7 $2 {[%eval -18,68] [%wdl 5,979,
16]} (46... Kh6 $19 {[%eval -989,22] [%wdl 0,0,1000]} 47. Ke3 Kh5) 47. Ke3 Ke6
48. Kf3 Rf8+ 49. Kg4 {Hoping for Nb6.} Kd7 50. Kxg5 $2 {[%eval -1030,21] [%wdl
0,0,1000][%mdl 8192] [#]} (50. a4 $11 {[%eval 0,65] [%wdl 9,982,9]}) 50... Kc8
$2 {[%eval 0,64] [%wdl 9,982,9]} ({Better is} 50... a5 $1 $19 {[%eval -1030,21]
[%wdl 0,0,1000]} 51. Kg4 b4) 51. a4 $11 bxa4 52. bxa4 Rf2 53. Kg6 Rf8 54. Kg5
a5 55. Kg4 Rf2 56. Kg5 Rf8 57. Kg4 Kb7 58. Kg5 Kc6 $2 {[%eval 32722,83] [%wdl
1000,0,0][%mdl 8192]} (58... Rf3 $11 {[%eval 0,68] [%wdl 10,980,10]}) 59. c8=Q+
{White mates.} Rxc8 60. Ne7+ Kd7 61. Nxc8 Kxc8 62. Kf5 Kc7 63. Kxe5 {Weighted
Error Value: White=0.97/Black=1.00 Ja her foregikk det litt av hvert.
Stillingen på slutten var faktisk remis, til Trygve gjorde feil. Jeg skulle
tapt lenge før det...} 1-0

[Event "Klubbmesterskapet 2022 (A)"]
[Site "Ås, Viken NOR"]
[Date "2022.09.22"]
[Round "3"]
[White "Samset, Jon"]
[Black "Furnes, Torstein"]
[Result "1/2-1/2"]
[WhiteElo "1378"]
[BlackElo "1747"]
[Annotator "Furnes, Torstein"]
[PlyCount "139"]
[EventDate "2022.??.??"]

1. e4 c5 2. c3 d5 3. e5 Nc6 4. d4 cxd4 5. cxd4 Bf5 6. a3 e6 7. Nc3 Qb6 8. Bb5
a6 9. Ba4 Nge7 10. Nge2 Qc7 11. O-O Nc8 12. Be3 Nb6 13. Bc2 Bxc2 14. Qxc2 Be7
15. f4 Nc4 16. Bf2 O-O 17. Rac1 Rac8 18. f5 Bg5 19. Ra1 Bh6 $6 $11 {Hensikten
med dette løpertrekket var å sørge for at løperen er gardert i varianten
nedenfor. Men det hadde vært bedre å gjøre dette ved å spille Dd8 eller De7.} (
{Jeg ønsker å spille Se3, men etter} 19... Ne3 20. Qc1 Nxf1 21. Qxg5 f6 22.
exf6 Qxh2+ 23. Kxf1 Rxf6 $11 {har hvit fått to lette offiserer for tårn+bonde.}
) 20. f6 Ne3 21. Bxe3 Bxe3+ 22. Kh1 Nxd4 23. Nxd4 Bxd4 24. fxg7 Kxg7 25. Qd1
Bxe5 26. g3 Bxc3 27. bxc3 Qxc3 28. Qg4+ Kh8 29. Qh5 Qg7 30. Ra2 Qg6 31. Qe5+
Kg8 32. Kg1 Qg7 33. Rf6 Rc1+ 34. Kg2 Qg4 35. Rf4 Qg7 36. Qe2 Kh8 37. a4 e5 38.
Rb4 f6 39. Rab2 Rc7 40. a5 Qd7 41. Qf3 Qc6 $2 42. Rb6 Qc3 $2 {Med de to siste
svarte trekkene har svartfordelen sunket fra -6 til -0.3.} (42... e4) 43. Qxd5
Qc5 44. Qf3 Qe7 (44... f5) 45. Rxb7 e4 46. Qb3 Rfc8 47. Rxc7 Qxc7 48. Qe6 Kg7
49. Qxa6 Qc3 50. Qb7+ Kh6 51. Kh3 Rc7 52. Qb5 Rc5 53. Qe2 Rxa5 54. Rb6 Rh5+ {
Resten av partiet er Stockfish-evalueringen hele tiden på 0.00.} 55. Kg2 Qf3+
56. Qxf3 exf3+ 57. Kxf3 Rf5+ 58. Kg4 Kg6 59. Rb8 h5+ 60. Kh3 Ra5 61. Rg8+ Kf5
62. Kh4 Ke4 63. Rf8 Rf5 64. Rh8 Kf3 65. Rxh5 Rxh5+ 66. Kxh5 Kg2 67. g4 Kxh2 68.
Kh4 Kg2 69. Kh5 Kg3 70. g5 1/2-1/2

[Event "Klubbmesterskapet 2022 (A)"]
[Site "Ås, Viken NOR"]
[Date "2022.09.22"]
[Round "3"]
[White "Andersen, Odd"]
[Black "Lea, Per"]
[Result "1-0"]
[WhiteElo "1680"]
[BlackElo "1698"]
[PlyCount "47"]
[EventDate "2022.09.08"]

1. d4 Nf6 2. c4 g6 3. Nc3 Bg7 4. Nf3 d6 5. Bf4 Bd7 6. e4 O-O 7. Qd2 c5 8. d5
Na6 9. Bh6 Nc7 10. Be2 a6 11. e5 Nfe8 12. h4 dxe5 13. h5 b5 14. hxg6 fxg6 15.
Bxg7 Nxg7 16. Qh6 Rxf3 17. Qxh7+ Kf7 18. Bxf3 Rb8 19. Rh6 Bf5 20. g4 Bd3 21.
Ne4 Rb6 22. d6 Nce8 23. Qxg6+ Kg8 24. Qh7+ 1-0

[Event "Klubbmesterskapet 2022 (A)"]
[Site "Ås, Viken NOR"]
[Date "2022.09.29"]
[Round "1"]
[White "Johansen, Anders Sten"]
[Black "Brenden, Torbjørn"]
[Result "1-0"]
[WhiteElo "1726"]
[BlackElo "1593"]
[PlyCount "95"]
[EventDate "2022.09.08"]

1. e4 c5 2. Nf3 d6 3. d4 cxd4 4. Nxd4 Nf6 5. Nc3 e5 6. Nb3 Be7 7. f3 a6 8. Be3
b5 9. Nd5 Nbd7 10. c4 Nxd5 11. Qxd5 Rb8 12. cxb5 Nf6 13. Qc6+ Qd7 14. Qxd7+
Bxd7 15. bxa6 d5 16. a7 Ra8 17. Nc5 d4 18. Nxd7 Kxd7 19. Bb5+ Ke6 20. Bd2 Rxa7
21. a4 Rc8 22. Rc1 Rac7 23. Rxc7 Rxc7 24. b3 Ba3 25. Bc4+ Ke7 26. Ke2 Rb7 27.
Ra1 Bc5 28. Kd3 Nd7 29. a5 f6 30. a6 Ra7 31. b4 Bb6 32. Bd5 Rc7 33. Bb7 Ba7 34.
Rc1 Kd6 35. Rxc7 Kxc7 36. b5 Nc5+ 37. Kc4 Nxb7 38. axb7 Kxb7 39. Bb4 Bb8 40. h4
h5 41. g4 hxg4 42. fxg4 Kc8 43. h5 Kd7 44. Bf8 Ke8 45. Bxg7 Kf7 46. Bh6 Ba7 47.
Bd2 Bb6 48. Kd5 1-0

[Event "Klubbmesterskapet 2022 (A)"]
[Site "Ås, Viken NOR"]
[Date "2022.10.12"]
[Round "3"]
[White "Larsen, Jo Ingebrigt"]
[Black "Johansen, Anders Sten"]
[Result "0-1"]
[WhiteElo "1601"]
[BlackElo "1726"]
[PlyCount "38"]
[EventDate "2022.09.08"]

1. e4 c5 2. c3 d5 3. Nf3 dxe4 4. Qa4+ Nc6 5. Qxe4 Nf6 6. Qc2 Bg4 7. Be2 e6 8.
Na3 Be7 9. Nc4 O-O 10. b3 Rc8 11. Ne3 Bh5 12. Bb2 Bg6 13. d3 b5 14. g4 Nd5 15.
h4 Nd4 16. Qd2 Nxf3+ 17. Bxf3 Nxe3 18. Qxe3 Bxh4 19. Ke2 Bg5 0-1

[Event "Klubbmesterskapet 2022 (A)"]
[Site "Ås, Viken NOR"]
[Date "2022.10.13"]
[Round "4"]
[White "Brenden, Torbjørn"]
[Black "Lea, Per"]
[Result "1/2-1/2"]
[WhiteElo "1593"]
[BlackElo "1698"]
[PlyCount "40"]
[EventDate "2022.09.08"]

1. d4 Nf6 2. Nf3 g6 3. e3 Bg7 4. Bd3 d6 5. O-O O-O 6. Re1 Nbd7 7. e4 e5 8. c3
Re8 9. a4 a5 10. h3 Nh5 11. Bf1 Nf8 12. Bg5 f6 13. Be3 Ne6 14. dxe5 fxe5 15. g3
Rf8 16. Bg2 h6 17. Nbd2 Bd7 18. Qc2 Kh7 19. Nc4 Qc8 20. Kh2 b6 1/2-1/2

[Event "Klubbmesterskapet 2022 (A)"]
[Site "Ås, Viken NOR"]
[Date "2022.10.13"]
[Round "4"]
[White "Furnes, Torstein"]
[Black "Andersen, Odd"]
[Result "0-1"]
[WhiteElo "1747"]
[BlackElo "1680"]
[Annotator "Furnes, Torstein"]
[PlyCount "92"]
[EventDate "2022.09.08"]

1. d4 e6 2. c4 b6 3. Nf3 Bb7 4. Nc3 f5 5. Bg5 Be7 6. Bxe7 Qxe7 7. e3 Nf6 8. Be2
O-O 9. O-O d6 10. Rc1 Ne4 11. d5 $6 {Ikke så bra. Svart får sterke bønder på
e5 og f5 etter avbyttet.} (11. Nxe4 {er bedre.}) 11... Nxc3 12. Rxc3 e5 13. Qc2
Nd7 14. b4 a5 15. a3 c5 16. b5 $2 $19 {Det er feil å låse av dronningfløyen på
denne måten.} ({Bedre er} 16. dxc6 Bxc6 $11) 16... h6 ({Stockfish vil spille} 
16... e4) 17. e4 f4 18. h3 g5 19. Nh2 Nf6 20. Ng4 Nxg4 21. Bxg4 Bc8 22. Qe2 Qh7
23. Bxc8 Raxc8 24. f3 Rc7 25. Kf2 Rg7 26. Ke1 h5 27. Rh1 Qg6 28. Rc2 g4 29. a4
$6 ({Stockfish sier at eneste gode trekk for hvit er} 29. hxg4 {med helt lik
stilling etter} hxg4 30. fxg4 Qxg4 31. Qxg4 Rxg4 32. Rh6 Rd8 $11) 29... Kf7 30.
Kf1 (30. hxg4 {er fortsatt hvits eneste gode trekk.}) 30... Rfg8 31. Qf2 $6 ({
Hvit må spille} 31. hxg4) 31... gxf3 {Første bonde blir omsider slått ut i
trekk 31...!} 32. gxf3 Qg3 $11 {Stockfish ville heller flytte dronningen til
h7, f6 eller h6.} 33. Re2 ({Stockfish vurderer} 33. Qxg3 Rxg3 34. Rf2 $11 {som
helt likt.}) 33... Qg5 34. Qh2 $2 $19 ({Hvit må spille} 34. h4) 34... Qh4 35.
Rf2 Rg3 36. Ke2 Qg5 {Stockfish mener at svart mister mesteparten av fordelen
etter dette dronningtrekket.} 37. Kf1 $4 {Tapstrekket.} ({Ved å spille} 37. h4
{har hvit fortsatt kontroll}) 37... h4 {Hvit er nå i trekktvang.} 38. Ke2 Rg2
39. Rxg2 Qxg2+ 40. Qxg2 Rxg2+ 41. Kf1 Ra2 42. Rg1 Rxa4 43. Rg4 Rxc4 44. Rxh4
Rb4 45. Rg4 a4 46. h4 a3 0-1

[Event "Klubbmesterskapet 2022 (A)"]
[Site "Ås, Viken NOR"]
[Date "2022.10.13"]
[Round "4"]
[White "Olsen, Trygve"]
[Black "Samset, Jon"]
[Result "0-1"]
[WhiteElo "1504"]
[BlackElo "1378"]
[PlyCount "60"]
[EventDate "2022.09.08"]

1. d4 d5 2. f4 Nf6 3. Nf3 Nc6 4. e3 a6 5. c3 b5 6. b4 g6 7. Nbd2 Bg7 8. Ne5
Nxe5 9. fxe5 Ng4 10. Nf3 O-O 11. Be2 Bh6 12. Ng5 Nxe5 13. dxe5 Bxg5 14. O-O Bb7
15. Qd4 e6 16. Bd2 Bh6 17. Rf3 Bg7 18. Raf1 Qg5 19. Qc5 Bxe5 20. Be1 d4 21.
exd4 Bxf3 22. Bxf3 Bxh2+ 23. Kxh2 Qxc5 24. dxc5 Ra7 25. Bf2 a5 26. Ra1 axb4 27.
cxb4 h5 28. Bg3 Rc8 29. Be5 Kh7 30. Be4 f5 0-1